00185nam a2200085Ia 4500008004100000041000800041100001300049245002800062260000900090240625s9999 xx 000 0 und d aeng aPC QUEST a8 5 GB P C Q XTREME DVD c2007